- Arboli Gascón, Manuel
Entry Nombre Personal
001 - NUMERO DE CONTROL
- campo de control: 48638
003 - IDENTIFICADOR DE NUMERO DE CONTROL
- campo de control: DLC
005 - FECHA Y HORA DE LA ÜLTIMA TRANSACCIÓN
- campo de control: 20230512135647.0
008 - DATOS DE LONGITUD FIJA
- campo de control de longitud fija: 230512n| acannaabn |a aaa c
010 ## - NÚMERO DE CONTROL DE LA BIBLIOTECA DEL CONGRESO
- Número de control LC: no2009195516
035 ## - NUMERO DE CONTROL
- Número de control: (OCoLC)oca08328445
040 ## - FUENTE DE CATALOGACIÓN
- Agencia original de catalogación: MX-SlUA
- Lenguaje de catalogación: spa
- Agencia de transcripción: MX-SlUA
- Agencia que lo modifica: MX-SlUA
- Agencia que lo modifica: DLC
- Agencia que lo modifica: MX-MxUPN
100 1# - ENCABEZAMIENTO - NOMBRE PERSONAL
- Nombre personal: Arboli Gascón, Manuel
400 1# - VEÁSE - NOMBRE DE PERSONA
- Personal name: Gascón, Manuel Arboli
400 1# - VEÁSE - NOMBRE DE PERSONA
- Personal name: Arboli Gazcón, Manuel
400 1# - VEÁSE - NOMBRE DE PERSONA
- Personal name: Gazcón, Manuel Arboli
500 1# - MENCIÓN DE REFERENCIA “VÉASE ADEMÁS”- NOMBRE DE PERSONA
- Personal name: Arboli, Manuel
670 ## - FUENTE EN LA QUE SE LOCALIZARON DATOS
- Cita de la fuente: La busqueda de respuestas, 1984:
- Información localizada: portada (versión en español Manuel Arboli Gascón)
670 ## - FUENTE EN LA QUE SE LOCALIZARON DATOS
- Cita de la fuente: Isadora, 1991:
- Información localizada: portada (tr. Manuel Arboli)
670 ## - FUENTE EN LA QUE SE LOCALIZARON DATOS
- Cita de la fuente: En la obra: Adolescencia, 1976:
- Información localizada: reverso de la portada (Manuel Arboli Gazcón)
902 ## - CATALOGADOR
- Catalogador: NDAF/120523
